Digital image processing using MATLAB (E-BOOK) (Record no. 217261)

000 -LEADER
fixed length control field 00862 a2200277 4500
003 - CONTROL NUMBER IDENTIFIER
control field Nust
005 - DATE AND TIME OF LATEST TRANSACTION
control field 20170207171536.0
020 ## - INTERNATIONAL STANDARD BOOK NUMBER
International Standard Book Number 0070702624 (pbk.)
020 ## - INTERNATIONAL STANDARD BOOK NUMBER
International Standard Book Number 9780070702622 (pbk.)
035 ## - SYSTEM CONTROL NUMBER
System control number (OCoLC)681842723
035 ## - SYSTEM CONTROL NUMBER
System control number (OCoLC)ocn681842723
040 ## - CATALOGING SOURCE
Transcribing agency Nust
082 04 - DEWEY DECIMAL CLASSIFICATION NUMBER
Classification number 621.367
100 1# - MAIN ENTRY--PERSONAL NAME
Personal name Gonzalez, Rafael C.
245 10 - TITLE STATEMENT
Title Digital image processing using MATLAB (E-BOOK)
Statement of responsibility, etc. Rafael C. Gonzalez, Richard E, Woods, Steven L. Eddins.
250 ## - EDITION STATEMENT
Edition statement 2nd ed.
260 ## - PUBLICATION, DISTRIBUTION, ETC.
Place of publication, distribution, etc. New Delhi :
Name of publisher, distributor, etc. Tata McGraw Hill Education,
Date of publication, distribution, etc. c2010.
300 ## - PHYSICAL DESCRIPTION
Extent xviii, 738 p. :
Other physical details ill. (some col.) ;
Dimensions 25 cm.
650 #0 - SUBJECT ADDED ENTRY--TOPICAL TERM
Topical term or geographic name entry element Digital bildbehandling
650 #0 - SUBJECT ADDED ENTRY--TOPICAL TERM
Topical term or geographic name entry element Image processing
General subdivision Digital techniques
650 #0 - SUBJECT ADDED ENTRY--TOPICAL TERM
Topical term or geographic name entry element Image processing
General subdivision Digital techniques.
650 #0 - SUBJECT ADDED ENTRY--TOPICAL TERM
Topical term or geographic name entry element MATLAB
651 ## - SUBJECT ADDED ENTRY--GEOGRAPHIC NAME
General subdivision E-BOOK
700 1# - ADDED ENTRY--PERSONAL NAME
Personal name Eddins, Steven L.,
Dates associated with a name 1964-
700 1# - ADDED ENTRY--PERSONAL NAME
Personal name Woods, Richard E.
Dates associated with a name 1954-
942 ## - ADDED ENTRY ELEMENTS (KOHA)
Source of classification or shelving scheme
Koha item type Book
Holdings
Withdrawn status Lost status Source of classification or shelving scheme Damaged status Not for loan Collection code Permanent Location Current Location Date acquired Total Checkouts Full call number Barcode Date last seen Price effective from Koha item type
            Military College of Signals (MCS) Military College of Signals (MCS) 12/12/2016   621.367 GON MCSEB-3459 12/08/2016 12/12/2016 Book
© 2023 Central Library, National University of Sciences and Technology. All Rights Reserved.